A carregar...
Aanavettakkaran
| Autor principal: | |
|---|---|
| Formato: | Printed Book |
| Publicado em: |
Kottayam, Sahitya Pravarthaka Co-Operative Society
1982
|
| Assuntos: |
| LEADER | 005360000a22001810004500 | ||
|---|---|---|---|
| 022 | |a 05-07-2004 | ||
| 041 | |a Malayalam | ||
| 082 | |a A 301 VAT/A M2 | ||
| 100 | |a Vatsala | ||
| 245 | |a Aanavettakkaran | ||
| 260 | |a Kottayam, Sahitya Pravarthaka Co-Operative Society | ||
| 260 | |c 1982 | ||
| 465 | |a R 13.50 | ||
| 650 | |a Malayalam literature | ||
| 650 | |a Stories | ||
| 942 | |c BK | ||
| 999 | |c 143693 |d 143689 | ||
| 952 | |0 0 |1 0 |4 0 |6 A_301_000000000000000_VAT_A_M2 |7 0 |9 142474 |a SCC |b SCC |d 2017-10-11 |l 0 |o A 301 VAT/A M2 |p SCC04438 |r 2017-10-11 |w 2017-10-11 |y BK | ||